| 000 | 00422nam a2200109Ia 4500 | ||
|---|---|---|---|
| 008 | 160909s9999 xx 000 0 und d | ||
| 100 | _aWilliams, Teresa L. | ||
| 245 | _aIdentification of the competency level of cultural awareness for the senior semester baccalaureate degree nursing student | ||
| 260 |
_bCapella University _c2016 |
||
| 650 | _aNursing | ||
| 856 | _uhttp://pqdtopen.proquest.com/doc/1774427606.html?FMT=ABS | ||
| 999 |
_c303861 _d303861 |
||